Music Quiz

Random Music Quiz
Score 0/77 Timer 20:00
0 Plays Today
Hint Answer % Correct
I push my fingers into my eyes It's the only thing that slowly stops the ache If the pain goes on, I'm not gonna make it!Duality
77.2%
You can't see California without Marlon Brando's eyes Eyeless
75.1%
**** me! I'm all out of enemies! Spit It Out
74.7%
I hope you live To see the day When your world comes up in flames And as you die You see my face You're the only one to blame Read more: Slipknot - The Negative One Lyrics | MetroThe Negative One
73%
Bury all your secrets in my skin Come away with innocence, and leave me with my sins The air around me still feels like a cage And love is just a camouflage for what resembles rageSnuff
72.6%
I get nervous, perverse, when I see her it's worse But the stress is astounding It's now or never she's coming home ForeverVermilion
69.3%
I can't control my shakes How the hell did I get here? Wait And Bleed
68.9%
Under the words of men, something is tempting the father. Where is your will, my friend? Insatiates never even bother.The Devil In I
67.6%
Fray the strings Throw the shapes Hold your breath Listen!Before I Forget
65.1%
It’s cold and lonely, but that’s because she told me Lost inside her dirty world, no one hurts this pretty girl but herKillpop
64.7%
Everybody hates me now so **** it blood's on my face and my hands don't know whyPeople = ****
64.3%
There are cracks in the road we laid But where the devil fell The secrets have gone mad This is nothing new, but when we killed it all The hate was all we hadPsychosocial
63.5%
All My friends have pictures made to make you cry I've seen this and wondered what I've done to calcifyLeft Behind
61.4%
So when I got away, I only kept my scars. The Other Me Is Gone. Now I don't know where I belongDead Memories
61.4%
The world will never see another crazy **** like you The world will never know another man as amazing as youSkeptic
61%
Running out of ways to run I can't see, I can't be Over and over and under my skin All this attention is doing me in! Surfacing
60.2%
I fight for the unconventional My right, and its unconditional I can only, be as real as i can The disadvantage is I never knew the plan This isn't the way just to be a martyr I caPulse Of The Maggots
60.2%
Because anything exceptional gets crushed by common people With jealousy and ignorance and all their common evils This planet isn’t special collections made of clay I’m waitingCuster
59.8%
I'm a pop star threat and I'm not dead yet Got a super dred bet with an angel drug head Like a dead beat winner. I want to be a sinner An idolized bang for the industry killer. The Heretic Anthem
58.9%
Your impossible ego **** is like a Megalomaniacal tab on my tongue You ****' touch me I will rip you apart I'll reach in and take a bite out of that **** you call a heartMy Plague
55.2%
We've seen the fall of the elite, Bury your life, take your disease We'll end the worldAll Hope Is Gone
52.3%
A catch in my throat choke Torn into pieces I won't, no! I don't wanna be this...Vermilion Pt. 2
50.6%
My Life is undone and I'm a sinner to most but a sage to some And my Gods are Untrue I'm probably wrong, but I'm better than youSulfur
50.2%
With my face against the floor I can't see who knocked me out of the way I don't want to get back up But I have to, so it might as well be todayXIX
50.2%
All that I wanted were things I had before All that I needed I never needed more All of my questions are answers to my sins All of my endings waiting to beginCircle
49%
Someone find me please, losing all reserve I am **** gone, I think I'm **** dying Purity
48.1%
Dammit man I knew it was a mistake Prosthetics
48.1%
Bones in the water and dust in my lungs Absorbing archaic like a sponge The ultimate way is the way you control But can you stay if you detach your soulThe Blister Exists
48.1%
No one is bulletproofLech
48.1%
Obsession, take another look. Remember, every chance you took. Decide, either live with me Or give up any thought you had of being freeThe Nameless
47.3%
Do you Believe? Do you Fade like a Dream? Let me hear you breathe Let me watch as you sleepGehenna
46.9%
We are The anti-cancer We are The only answer Stripped down, we want you dead But what's inside of me, you'll never know I Am Hated
46.5%
A long time ago we discovered that nothing could stop us This hasn’t torn us apart so nothing ever willGoodbye
46.1%
My last true confession will open your eyes, I've never know trust like the nine Let it be spoken, let it be screamed, they'll never ever take us aliveTil We Die
45.6%
Too horrid to kill for you Too sordid to die with you Unstable as always, come down Everything else is just dust and soundThe Shape
45.2%
What have you ever fought for? What have you ever bled for? The face of the earth is scarred with the walking dead The age of the gross is a living virus Read more: Slipknot - .ex.Execute.
45.2%
Wallow in the winter of it. Discover what you truly covet. Underneath and far above it You slither in all kinds of ****.Sarcastrophe
45.2%
Who the **** am I to criticize your twisted state of mind? (SIC)
44%
Back off of the **** Stand off or I'll spit So soft, you forget Your garbage in is garbage outLiberate
44%
Hint Answer % Correct
You are mine, you will always be mine, I can tear you apart I can recombine you All I want is to covet you all You belong to me I will kill you to love you.Iowa
43.2%
Go ahead and disagree, I'm giving up againButcher's Hook
42.7%
Giving in to what has got me Feeling claustrophobic, scarred Severed me from all emotion Life is just too **** hardMe Inside
42.7%
As I lie there With my tongue spread wide open A black widow had offered me A sweetheart tube As I injected The candied heart that I selected She said don't hesitate Just do what yScissors
42.3%
Inside all my flaws again I can’t let go In spite of you, I’m lost again I still don’t knowNomadic
41.5%
Just tell me when I can Open my eyes And realize I've diedBe Prepared For Hell
40.7%
It’s been years since anyone could be a friend It’s the fear the kills the feeling in the endIf Rain Is What You Want
39.8%
How does it feel to be locked inside another dream That never had a chance of being realized?Disasterpiece
39%
Keeping myself alive through your empathySkin Ticket
38.6%
Distractions, Reactions The only way to go is to go away Discarded, Retarded Before I let you go, you have to let me Welcome
38.6%
I can over die over time Filthy hands, stay away from mine Every reason is a right to hateOnly One
38.2%
Pneumatic destroyer, pathetic seducer Distortion sufficient Someday, one day Well live our lives again This Cold Black
38.2%
You don't know the hell that's coming Everybody get on the ground You don't know the hell that's coming Everybody get on the groundOverride
37.8%
I can't remember, I don't understand, Is it malice that makes you this way? Carry it with you 'til someone forgives you I laugh cause there's nothing to say No Life
37.3%
Shallow skin, I can paint with pain I mark the trails on my arms with your disdainEverything Ends
36.9%
Severed myself from my whole life Cut out the only thing that was right What If I never saw you again I'd die right next to you in the end Danger Keep Away
36.1%
Life's so ****, but ain't it ****' great? Get This
36.1%
Meet the man that made me Greet the can that I came from Oh the **** sacred heart of Jesus Eeyore
35.7%
It doesn’t matter what you say. It doesn’t matter what you do. We can’t continue on like this.AOV
35.7%
Sores, every goddamn minute I can feel 'em now Like a virus, you will never kill me now Going underground, coming on like hepatitis New Abortion
34.9%
All I ever really wanted was to take the blame I will go down in History and not down in FlamesGematria (The Killing Name)
34.9%
Thoughts of me exemplified All the little flaws I have denied Forget today, forget whatever happened Diluted
34.4%
Come see dysfunction I guess we're gonna leave it Open for discussionThree Nil
34.4%
She's never coming back, do you know what it's like to live with that? Frail Limb Nursery
33.2%
This sacrament is sacrilege and sentimental Deity experimental Faith is accidental Opium Of The People
32.8%
I've been with you all day I'm trying to stay calm I'm impatient and it's really hard to breathe I'm going to empty you and fill you in with meThe Virus Of Life
32.8%
Tearing myself apart From the things that make me hurtTattered And Torn
32.4%
I don't know why You never asked me And I don't know why You never caredPrelude 3.0
32.4%
In light of my ability to undermine I walk away from apathy I'm feeling fineVendetta
31.5%
This moment's incredible It's out of this world Too bad I must always leave it But that's lifeGently
31.1%
The hardest part was knowing that I could never be you Now all I do is sit around and wish I could forget you Metabolic
30.3%
In the dark Why I think I'm alone I swept through my visions I'm going too cold Today is a tragedy In the mouth of the mad But that doesn't matter nowThe Burden
30.3%
I will never become another piece Inside the Paralytic Construct I hateWherein Lies Continue
28.6%
My isolation is my course The effect it has on life itself is a cancer on its sourceChild Of Burning Time
27.8%
I prefer to be in hell by myself Turn the other cheek and tell it to somebody who Refuses to forgive, when nothing was takenThe One That Kills The Least
27.4%
Get off of me, and get away, Show the whole damn world this will never die, No matter how the energies scatter, Got to know nothing exists but the dream,Scream
23.7%
All I want is what is mine Snap
23.7%
You assist the plot My vision's overshot I have the best confection I was gone for all the lessonsDon't Get Close
19.9%
Remove Ads.
Support Sporcle.
Get the best of Sporcle when you Go Orange. This ad-free experience offers more features, more stats, and more fun while also helping to support Sporcle. Thank you for becoming a member.

You're not logged in!

Compare scores with friends on all Sporcle quizzes.
OR
Log In

Show Comments

Extras

Created Dec 20, 2014ReportNominate
Tags:slipknot

Top Quizzes Today


Score Distribution

Your Account Isn't Verified!

In order to create a playlist on Sporcle, you need to verify the email address you used during registration. Go to your Sporcle Settings to finish the process.

Report this User

Report this user for behavior that violates our Community Guidelines.

Details: